000
00275 a2200121 4500
001
12809
082
_a
338.761 IQB
090
_c
9788
_d
9788
100
_a
Iqbal S. Hussain
245
_a
Decline of the Muslim Ummah
260
_a
Lahore
_b
Humanity
_c
2004
300
_a
468 p
942
_a
NUST-CAE
_k
338.761 IQB
999
_c
247882
_d
247882